[Event "HUN-chT2 Asztalos 1819"]
[Site "Hungary"]
[Date "2018.12.02"]
[Round "3.6"]
[White "Mike, Janos"]
[Black "Miovecz, Balint"]
[Result "1-0"]
[WhiteElo "1807"]
[BlackElo "1947"]
[PlyCount "119"]
[EventDate "2018.10.28"]
[EventType "team-tourn"]
[EventRounds "9"]
[EventCountry "HUN"]
[SourceTitle "CBM 189 Extra"]
[Source "ChessBase"]
[SourceDate "2019.06.03"]
[SourceVersion "1"]
[SourceVersionDate "2019.06.03"]
[SourceQuality "1"]
[WhiteTeam "Marcali"]
[BlackTeam "Kaposvar Bastya"]
[WhiteTeamCountry "HUN"]
[BlackTeamCountry "HUN"]

1. c4 g6 2. d4 Bg7 3. Nc3 c5 4. Nf3 cxd4 5. Nxd4 Nc6 6. e3 d6 7. Be2 Nf6 8. 0-0 0-0 9. a3 Bd7 10. Rb1 Rc8 11. Nxc6 Bxc6 12. Nd5 e6 13. Nxf6+ Bxf6 14. b3 Qe7 15. Bf3 Rfd8 16. Bxc6 bxc6 17. Bb2 Bxb2 18. Rxb2 d5 19. Qa1 dxc4 20. bxc4 Rd3 21. Rb4 Rcd8 22. g3 a5 23. Ra4 Qc5 24. Qb2 Qf5 25. Qe2 Rd2 26. e4 Qc5 27. Qe1 R8d3 28. Qb1 Qh5 29. Qb8+ Kg7 30. Qf4 e5 31. g4 exf4 32. gxh5 f3 33. h3 Re2 34. c5 gxh5 35. h4 Rc3 36. Kh2 Rxc5 37. Kg3 Kf6 38. Kxf3 Rec2 39. Kf4 R2c4 40. Rxc4 Rxc4 41. Rb1 h6 42. Rb6 a4 43. Ra6 Ke6 44. f3 f5 45. Ra5 fxe4 46. fxe4 Kf6 47. Rxh5 Kg6 48. Ra5 c5 49. Ra6+ Kh5 50. Kf5 Rc3 51. Rxa4 Rf3+ 52. Ke6 Kxh4 53. e5+ Kg3 54. Kd6 Re3 55. e6 h5 56. e7 h4 57. Ra8 h3 58. e8Q Rxe8 59. Rxe8 h2 60. Rg8+ 1-0

[Event "HUN-chT2 Asztalos 1718"]
[Site "Hungary"]
[Date "2018.05.06"]
[Round "9.6"]
[White "Mike, Janos"]
[Black "Talaber, Istvan"]
[Result "1-0"]
[WhiteElo "1833"]
[BlackElo "1713"]
[PlyCount "71"]
[EventDate "2017.10.29"]
[EventType "team-tourn"]
[EventRounds "9"]
[EventCountry "HUN"]
[SourceTitle "EXT 2021"]
[Source "ChessBase"]
[SourceDate "2020.10.23"]
[SourceVersion "1"]
[SourceVersionDate "2020.10.23"]
[SourceQuality "1"]
[WhiteTeam "Marcali"]
[BlackTeam "Pecs Karmin"]
[WhiteTeamCountry "HUN"]
[BlackTeamCountry "HUN"]

1. c4 c5 2. Nc3 Nc6 3. g3 g6 4. Bg2 Bg7 5. d3 d6 6. e4 Nf6 7. Nge2 Bd7 8. 0-0 0-0 9. h3 Qc8 10. Kh2 Rd8 11. f4 e6 12. Rb1 Rb8 13. a3 a5 14. Nb5 Be8 15. Be3 b6 16. g4 Qd7 17. Ng3 Qe7 18. Qc2 Kh8 19. Rbe1 Kg8 20. f5 Ne5 21. g5 Nfg4+ 22. hxg4 Nxg4+ 23. Kh3 exf5 24. Bf4 Ne5 25. exf5 gxf5 26. d4 f6 27. gxf6 Qxf6 28. dxe5 dxe5 29. Rxe5 Qg6 30. Bd5+ Kh8 31. Rxe8+ Qxe8 32. Bxb8 Rxb8 33. Qxf5 Qe3 34. Qf4 Qe8 35. Nd6 Qd7+ 36. Kg2 1-0

[Event "HUN-chT2 Asztalos 1718"]
[Site "Hungary"]
[Date "2018.03.04"]
[Round "7.5"]
[White "Szijarto, Attila"]
[Black "Mike, Janos"]
[Result "1-0"]
[WhiteElo "1984"]
[BlackElo "1833"]
[PlyCount "72"]
[EventDate "2017.10.29"]
[EventType "team-tourn"]
[EventRounds "9"]
[EventCountry "HUN"]
[SourceTitle "EXT 2021"]
[Source "ChessBase"]
[SourceDate "2020.10.23"]
[SourceVersion "1"]
[SourceVersionDate "2020.10.23"]
[SourceQuality "1"]
[WhiteTeam "Nagyatad"]
[BlackTeam "Marcali"]
[WhiteTeamCountry "HUN"]
[BlackTeamCountry "HUN"]

1. e4 e6 2. d4 d5 3. Nc3 dxe4 4. Nxe4 Nd7 5. Nf3 Ngf6 6. Bg5 Be7 7. Ng3 0-0 8. Bc4 b6 9. Qe2 Bb7 10. 0-0-0 Nd5 11. Bxe7 Qxe7 12. Qd2 Qb4 13. Qxb4 Nxb4 14. Rhe1 Bxf3 15. gxf3 Nf6 16. f4 g6 17. f3 Nbd5 18. Ne4 Rad8 19. Nxf6+ Nxf6 20. c3 Nd5 21. Bxd5 Rxd5 22. Re5 Rfd8 23. Rde1 Kg7 24. Kc2 Kf6 25. b4 c6 26. R1e4 h6 27. h4 Ke7 28. Re2 R8d6 29. Rg2 Rd8 30. Rge2 Kf6 31. R2e4 a5 32. a3 axb4 33. axb4 Rxe5 34. fxe5+ Kf5 35. Kd3 c5 36. Ke3 cxb4 1-0

[Event "HUN-chT2 Asztalos 1718"]
[Site "Hungary"]
[Date "2017.12.03"]
[Round "3.5"]
[White "Mike, Janos"]
[Black "Bator, Balazs"]
[Result "1-0"]
[WhiteElo "1833"]
[BlackElo "1991"]
[PlyCount "97"]
[EventDate "2017.10.29"]
[EventType "team-tourn"]
[EventRounds "9"]
[EventCountry "HUN"]
[SourceTitle "EXT 2021"]
[Source "ChessBase"]
[SourceDate "2020.10.23"]
[SourceVersion "1"]
[SourceVersionDate "2020.10.23"]
[SourceQuality "1"]
[WhiteTeam "Marcali"]
[BlackTeam "Komlo Banyasz II"]
[WhiteTeamCountry "HUN"]
[BlackTeamCountry "HUN"]

1. c4 e5 2. Nc3 Nc6 3. g3 Nf6 4. Bg2 Bc5 5. e3 d6 6. Nge2 Bg4 7. h3 Bh5 8. 0-0 0-0 9. a3 a5 10. g4 Bg6 11. d4 Bb6 12. Kh2 h5 13. g5 Nd7 14. f4 f5 15. Nd5 e4 16. Bd2 Bf7 17. Nec3 Ne7 18. Nxb6 Nxb6 19. b3 g6 20. Rf2 a4 21. Bf1 axb3 22. Qxb3 Nc6 23. Nb5 Na5 24. Bxa5 Rxa5 25. d5 c6 26. Nxd6 Qxd6 27. Qxb6 Qd8 28. Qxb7 cxd5 29. Rd2 Qd6 30. cxd5 Rxa3 31. Rxa3 Qxa3 32. Qb6 Qc1 33. Rf2 Qe1 34. Kg2 h4 35. Qd4 Rd8 36. d6 Kh7 37. Bb5 Qa5 38. Qf6 Kg8 39. Bc6 Qb6 40. Rd2 Qa5 41. Qd4 Be6 42. Rb2 Qe1 43. Rf2 Qa5 44. Rd2 Bf7 45. Kf2 Qa6 46. Bd5 Bxd5 47. Qxd5+ Kg7 48. Qe5+ Kg8 49. Qe6+ 1-0

[Event "HUN-chT2 Asztalos 1617"]
[Site "Hungary"]
[Date "2016.11.27"]
[Round "5.3"]
[White "Sulyok, Sandor"]
[Black "Mike, Janos"]
[Result "1/2-1/2"]
[WhiteElo "2288"]
[BlackElo "1818"]
[PlyCount "40"]
[EventDate "2016.09.25"]
[EventType "team-tourn"]
[EventRounds "11"]
[EventCountry "HUN"]
[SourceTitle "EXT 2021"]
[Source "ChessBase"]
[SourceDate "2020.10.23"]
[SourceVersion "1"]
[SourceVersionDate "2020.10.23"]
[SourceQuality "1"]
[WhiteTeam "Balatonfuered"]
[BlackTeam "Marcali"]
[WhiteTeamCountry "HUN"]
[BlackTeamCountry "HUN"]

1. d4 d5 2. c3 Bf5 3. Bf4 Nf6 4. e3 Nbd7 5. Nf3 c6 6. h3 e6 7. Nbd2 Ne4 8. Be2 h6 9. Nxe4 Bxe4 10. Bd3 Nf6 11. Be5 Bxd3 12. Bxf6 Qxf6 13. Qxd3 Bd6 14. 0-0-0 Qf5 15. Rhe1 Qxd3 16. Rxd3 f5 17. Nd2 b5 18. f3 Kd7 19. e4 fxe4 20. fxe4 Bf4 1/2-1/2

[Event "HUN-chT2 Asztalos 1617"]
[Site "Hungary"]
[Date "2016.11.13"]
[Round "4.3"]
[White "Mike, Janos"]
[Black "Arbutina, Sinisa"]
[Result "0-1"]
[WhiteElo "1818"]
[BlackElo "2353"]
[PlyCount "98"]
[EventDate "2016.09.25"]
[EventType "team-tourn"]
[EventRounds "11"]
[EventCountry "HUN"]
[SourceTitle "EXT 2021"]
[Source "ChessBase"]
[SourceDate "2020.10.23"]
[SourceVersion "1"]
[SourceVersionDate "2020.10.23"]
[SourceQuality "1"]
[WhiteTeam "Marcali"]
[BlackTeam "Baja"]
[WhiteTeamCountry "HUN"]
[BlackTeamCountry "HUN"]

1. c4 c6 2. d4 d5 3. e3 Nf6 4. Nc3 Bf5 5. Nf3 e6 6. cxd5 exd5 7. Bd3 Bxd3 8. Qxd3 Bd6 9. 0-0 0-0 10. Ne5 Re8 11. f4 Nbd7 12. Bd2 Nf8 13. a3 N6d7 14. b4 a6 15. Na4 Qe7 16. Rf3 Nf6 17. Rh3 Ne4 18. Be1 f6 19. Ng4 Bc7 20. Nf2 Nd6 21. Nb2 b5 22. Bd2 g6 23. Rc1 Nc4 24. Nxc4 bxc4 25. Qc2 Ne6 26. Rg3 Kh8 27. h4 Qf7 28. Rh3 Ng7 29. g4 f5 30. g5 a5 31. Rb1 axb4 32. Bxb4 Qe6 33. Nd1 Bd6 34. a4 Reb8 35. Bxd6 Qxd6 36. Nc3 Qa3 37. Kf2 Rxb1 38. Nxb1 Qxa4 39. Qxa4 Rxa4 40. Ke2 Ne8 41. h5 Kg7 42. hxg6 hxg6 43. Kd2 Nd6 44. Nc3 Ra1 45. Rh2 Ne4+ 46. Kc2 Ra3 47. Nd1 Ra2+ 48. Nb2 c3 49. Kb1 Rxb2+ 0-1

[Event "HUN-chT2 Asztalos 1516"]
[Site "Hungary"]
[Date "2015.12.06"]
[Round "6.3"]
[White "Horvath, Attila"]
[Black "Mike, Janos"]
[Result "1-0"]
[WhiteElo "2144"]
[BlackElo "1882"]
[PlyCount "113"]
[EventDate "2015.09.13"]
[EventType "team-tourn"]
[EventRounds "11"]
[EventCountry "HUN"]
[SourceTitle "CBM 170 Extra"]
[Source "ChessBase"]
[SourceDate "2016.02.25"]
[SourceVersion "1"]
[SourceVersionDate "2016.02.25"]
[SourceQuality "1"]
[WhiteTeam "Nagyatad"]
[BlackTeam "Marcali"]
[WhiteTeamCountry "HUN"]
[BlackTeamCountry "HUN"]

1. e4 e6 2. b3 d5 3. Bb2 dxe4 4. Nc3 Nf6 5. Qe2 Qd4 6. 0-0-0 Bd7 7. f3 Bc6 8. Nxe4 Ba3 9. c3 Bxb2+ 10. Kxb2 Qb6 11. Nxf6+ gxf6 12. Qe3 Qxe3 13. dxe3 Nd7 14. Ne2 Ne5 15. Nd4 Bd7 16. Nb5 Bxb5 17. Bxb5+ c6 18. Be2 h5 19. Rd4 c5 20. Rd2 Rd8 21. Rhd1 Rxd2+ 22. Rxd2 Ke7 23. h3 h4 24. f4 Nc6 25. Bf3 Rd8 26. Rxd8 Nxd8 27. Kc2 f5 28. Kd3 Kd6 29. c4 f6 30. Ke2 b6 31. Ba8 Ke7 32. Kf3 Kf7 33. e4 fxe4+ 34. Kg4 Kg6 35. Kxh4 f5 36. g4 Nf7 37. Kg3 Kh6 38. Bc6 Kg6 39. Be8 Kf6 40. Bc6 Nd8 41. Ba8 Kg6 42. h4 Kh6 43. h5 Kg7 44. g5 Kf7 45. Kf2 Kg7 46. Ke3 Kf7 47. a3 Kg7 48. b4 Nf7 49. bxc5 bxc5 50. Bc6 Nd6 51. Bb5 e5 52. fxe5 Nf7 53. e6 Nd6 54. h6+ Kg6 55. e7 Kxg5 56. h7 f4+ 57. Kf2 1-0

[Event "HUN-chT2 Asztalos 1516"]
[Site "Hungary"]
[Date "2015.11.29"]
[Round "5.3"]
[White "Mike, Janos"]
[Black "Toth, David"]
[Result "1/2-1/2"]
[WhiteElo "1842"]
[BlackElo "1988"]
[PlyCount "45"]
[EventDate "2015.09.13"]
[EventType "team-tourn"]
[EventRounds "11"]
[EventCountry "HUN"]
[SourceTitle "CBM 170 Extra"]
[Source "ChessBase"]
[SourceDate "2016.02.25"]
[SourceVersion "1"]
[SourceVersionDate "2016.02.25"]
[SourceQuality "1"]
[WhiteTeam "Marcali"]
[BlackTeam "Pecs Karmin"]
[WhiteTeamCountry "HUN"]
[BlackTeamCountry "HUN"]

1. c4 e6 2. Nc3 d5 3. e3 Nf6 4. Nf3 Bd6 5. d4 0-0 6. c5 Be7 7. Bd3 Nbd7 8. b4 c6 9. a4 Qc7 10. Bb2 e5 11. dxe5 Nxe5 12. Nxe5 Qxe5 13. Qc2 Qc7 14. 0-0 a5 15. Ba3 axb4 16. Bxb4 Ng4 17. g3 h5 18. Ne2 Ne5 19. Bh7+ Kh8 20. Bf5 Bf6 21. Nd4 g6 22. Bxc8 Qxc8 23. Kg2 1/2-1/2

[Event "HUN-chT2 Asztalos 1415"]
[Site "Hungary"]
[Date "2015.01.25"]
[Round "5"]
[White "Birkas, Gyorgy"]
[Black "Mike, Janos"]
[Result "1-0"]
[WhiteElo "2038"]
[BlackElo "1913"]
[PlyCount "63"]
[EventDate "2014.10.12"]
[EventType "team-tourn"]
[EventRounds "9"]
[EventCountry "HUN"]
[SourceTitle "EXT 2016"]
[Source "ChessBase"]
[SourceDate "2015.10.08"]
[SourceVersion "1"]
[SourceVersionDate "2015.10.08"]
[SourceQuality "1"]
[WhiteTeam "Kaposvar Bastya"]
[BlackTeam "Marcali"]
[WhiteTeamCountry "HUN"]
[BlackTeamCountry "HUN"]

1. e4 e6 2. d4 d5 3. Nc3 dxe4 4. Nxe4 Nd7 5. Nf3 Ngf6 6. Nc3 c6 7. a3 Bd6 8. Bd3 Qc7 9. 0-0 0-0 10. h3 b5 11. Ng5 h6 12. Nge4 Bf4 13. Qf3 Bxc1 14. Raxc1 Bb7 15. Nxf6+ Nxf6 16. Ne4 Nxe4 17. Qxe4 g6 18. Qh4 Kg7 19. Rfe1 Rad8 20. Re3 Qd7 21. c3 Qd5 22. Rce1 Qg5 23. Qe4 Ba8 24. Rg3 Qh5 25. Qf4 Rd5 26. Rf3 Qg5 27. Qc7 Qd8 28. Qxa7 Rg5 29. Rxe6 c5 30. Be4 cxd4 31. Bxa8 Qxa8 32. Rxf7+ 1-0

[Event "HUN-chT2 Asztalos 1314"]
[Site "Hungary"]
[Date "2013.10.20"]
[Round "3"]
[White "Mike, Janos"]
[Black "Baki, Peter"]
[Result "1/2-1/2"]
[WhiteElo "1945"]
[BlackElo "2102"]
[PlyCount "49"]
[EventDate "2013.09.08"]
[EventType "team-tourn"]
[EventRounds "9"]
[EventCountry "HUN"]
[SourceTitle "EXT 2016"]
[Source "ChessBase"]
[SourceDate "2015.10.08"]
[SourceVersion "1"]
[SourceVersionDate "2015.10.08"]
[SourceQuality "1"]
[WhiteTeam "Marcali"]
[BlackTeam "Szentlorinc"]
[WhiteTeamCountry "HUN"]
[BlackTeamCountry "HUN"]

1. c4 c5 2. Nc3 Nc6 3. g3 b6 4. Bg2 Bb7 5. d3 Nf6 6. e4 e6 7. Nge2 Nd4 8. Nxd4 cxd4 9. Ne2 Bb4+ 10. Bd2 Bxd2+ 11. Qxd2 e5 12. 0-0 0-0 13. Qg5 d6 14. f4 Re8 15. f5 h6 16. Qh4 Nd7 17. Qxd8 Raxd8 18. b4 Rc8 19. Nc1 Bc6 20. b5 Bb7 21. Nb3 Nc5 22. Nxc5 dxc5 23. a4 Ra8 24. a5 f6 25. Rf2 1/2-1/2

[Event "HUN-chT2 Asztalos 1314"]
[Site "Hungary"]
[Date "2013.09.22"]
[Round "2.6"]
[White "Mike, Janos"]
[Black "Nagybiro, Laszlo"]
[Result "1/2-1/2"]
[WhiteElo "1945"]
[BlackElo "1917"]
[PlyCount "111"]
[EventDate "2013.09.08"]
[EventType "team-tourn"]
[EventRounds "9"]
[EventCountry "HUN"]
[SourceTitle "EXT 2016"]
[Source "ChessBase"]
[SourceDate "2015.10.08"]
[SourceVersion "1"]
[SourceVersionDate "2015.10.08"]
[SourceQuality "1"]
[WhiteTeam "Marcali"]
[BlackTeam "Decs 1990 II"]
[WhiteTeamCountry "HUN"]
[BlackTeamCountry "HUN"]

1. c4 c5 2. Nc3 d6 3. g3 g6 4. Bg2 Bg7 5. d3 Nc6 6. e4 f5 7. f4 e5 8. Nf3 Nge7 9. 0-0 0-0 10. Nd5 Nxd5 11. cxd5 fxe4 12. dxe4 Nd4 13. Nxd4 exd4 14. Qd3 Qc7 15. b3 Bd7 16. Bb2 a6 17. Rfc1 Qa5 18. a4 Rab8 19. Bf1 b5 20. axb5 Qxb5 21. Ra3 Qxd3 22. Bxd3 Bb5 23. Bxb5 Rxb5 24. Rxa6 Rxb3 25. Ba1 Rd8 26. Rc6 Re3 27. e5 dxe5 28. fxe5 Rxe5 29. R6xc5 Rexd5 30. Rxd5 Rxd5 31. Rd1 Kf7 32. Kf2 Ke6 33. Kf3 Rf5+ 34. Ke4 Re5+ 35. Kf4 Bh6+ 36. Kf3 Re3+ 37. Kf2 d3 38. Bc3 Kf5 39. Bd4 Re2+ 40. Kf3 Rxh2 41. Rxd3 Ra2 42. g4+ Ke6 43. Be3 Bxe3 44. Rxe3+ Kf6 45. Rb3 Ra5 46. Kf4 Ra4+ 47. Kg3 Ra6 48. Rc3 g5 49. Rb3 Kg6 50. Rc3 h5 51. gxh5+ Kxh5 52. Rb3 Ra1 53. Rc3 Rg1+ 54. Kh2 Rg4 55. Kh3 Ra4 56. Kg3 1/2-1/2

[Event "HUN-chT2 Asztalos 1213"]
[Site "Hungary"]
[Date "2013.01.27"]
[Round "6.4"]
[White "Mike, Janos"]
[Black "Nogradi, Gabor"]
[Result "1-0"]
[WhiteElo "1930"]
[BlackElo "2034"]
[PlyCount "51"]
[EventDate "2012.09.16"]
[EventType "team-tourn"]
[EventRounds "9"]
[EventCountry "HUN"]
[SourceTitle "EXT 2014"]
[Source "ChessBase"]
[SourceDate "2013.11.20"]
[SourceVersion "1"]
[SourceVersionDate "2013.11.20"]
[SourceQuality "1"]
[WhiteTeam "Marcali"]
[BlackTeam "Pecs Karmin"]
[WhiteTeamCountry "HUN"]
[BlackTeamCountry "HUN"]

1. c4 Nf6 2. Nc3 c5 3. g3 g6 4. Bg2 Bg7 5. e4 Nc6 6. Nge2 d6 7. 0-0 0-0 8. d3 a6 9. h3 Rb8 10. f4 e6 11. Be3 Bd7 12. e5 Ne8 13. exd6 Nd4 14. Ne4 Qb6 15. Bxd4 cxd4 16. Qb3 Qa5 17. Qa3 Qxa3 18. bxa3 b6 19. Rab1 Bc6 20. c5 Bb5 21. Rxb5 axb5 22. c6 Nc7 23. dxc7 Rbc8 24. Nd6 Rxc7 25. Nxb5 Re7 26. c7 1-0

[Event "HUN-chT2 Asztalos 1011"]
[Site "Hungary"]
[Date "2011.04.17"]
[Round "9.5"]
[White "Mike, Janos"]
[Black "Albrecht, Gabor"]
[Result "0-1"]
[WhiteElo "1957"]
[BlackElo "1975"]
[PlyCount "54"]
[EventDate "2010.09.12"]
[EventType "team-tourn"]
[EventRounds "11"]
[EventCountry "HUN"]
[SourceTitle "EXT 2012"]
[Source "ChessBase"]
[SourceDate "2011.11.24"]
[SourceVersion "1"]
[SourceVersionDate "2011.11.24"]
[SourceQuality "1"]
[WhiteTeam "Marcali"]
[BlackTeam "Fehervar"]
[WhiteTeamCountry "HUN"]
[BlackTeamCountry "HUN"]

1. c4 e6 2. d4 d5 3. e3 Nf6 4. Nc3 Be7 5. Nf3 0-0 6. Bd2 Nbd7 7. Rc1 b6 8. cxd5 exd5 9. Bb5 Bb7 10. 0-0 c6 11. Bd3 c5 12. Qa4 Ne4 13. Rfd1 Bd6 14. Be1 Qe7 15. Bb5 Ndf6 16. Nxe4 dxe4 17. Nd2 a6 18. dxc5 Bxh2+ 19. Kxh2 Qe5+ 20. Kg1 axb5 21. Qd4 Qh5 22. c6 Rad8 23. Qb4 Bxc6 24. Qc3 Rd6 25. Qc2 Ng4 26. Nxe4 Rh6 27. Rd4 Qh1# 0-1